02204cam a22003255a 45000010009000000050017000090080041000260200038000670200035001050400037001400430012001770820023001891000027002122450100002392600065003393000035004045000024004395040033004635050846004966100039013426500045013816510065014266510072014916530024015636550024015879420008016119990017016199520121016369520121017571565190520151026125248.0090306s2009 ilua frb 001 0 eng d a9780226470764 (pbk. : alk. paper) a0226470768 (pbk. : alk. paper) aICU/DLCcDLCdDLCdEG-ScBUEbeng an-us---04a328.73071222bLEE1 aLee, Frances E.93857910aBeyond ideology :bpolitics, principles, and partisanship in the U.S. Senate /cFrances E. Lee. aChicago ;aLondon :bThe University of Chicago Press,c2009. axiii, 250 p. :bill. ;c24 cm. aIndex : p. 245-250. aBibliography : p. [231]-244.0 aTies that bind: untangling the roots of congressional partisanship -- Before 'ideology': a conceptual history -- Sources of party conflict: ideological disagreement and teamsmanship -- Dividers, not uniters: presidential leadership and legislative partisanship -- The partisan politics of good government -- Procedural partisanship: intra-party dealmaking and partisan bloc voting -- Agreeing to disagree, or disagreeing to agree: agenda content and rising -- Partisanship -- Beyond ideology: returning to politics -- Appendix A. Coding the presidential agenda status of roll-call votes -- Appendix B. Does party polarization on an issue topic increase the likelihood that presidents will include the issue on their agenda? -- Appendix C. Estimates of multinomial logit model of partisan voting patterns on Senate roll-call votes, 1981-2004.10aUnited States.bCongress.bSenate. 0aPolitical partieszUnited States.2BUEsh 0aUnited StatesxPolitics and governmenty20th century.2BUEsh 0aUnited StatesxPolitics and governmenty21st century.2BUEsh922791 bBUSBOLcOctober2015 vReading book934232 2ddc c20987d20959 00102ddc40708BaccahaMAINbMAINc1STd2015-10-26ePurchasel0o328.73071 LEEp000031183r2025-07-15 00:00:00yBB 00102ddc40708BaccahaMAINbMAINc1STd2015-10-26ePurchasel0o328.73071 LEEp000031184r2025-07-15 00:00:00yBB